| 000 | 00834cab a2200253 4500 | ||
|---|---|---|---|
| 001 | ABS59877 | ||
| 008 | 090401t1999 xxu||||| |||| 00| 0 eng d | ||
| 035 | _a(Sirsi) u90803 | ||
| 041 | _aeng | ||
| 100 | _aO`Riley, M.K. | ||
| 245 | _aAuctioneering with integrity | ||
| 260 | _c1999 | ||
| 350 | _a0 | ||
| 490 |
_aThe Valuer _v68(1) January/February 1999, 10(1) |
||
| 520 | _aDiscusses the need for auctioneers to be fully aware of the legal relationships between themselves, their clients and buyers, in order that the public can be assured that they are being treated in an equable and fair way. | ||
| 650 |
_aAuctioneering _96218 |
||
| 650 |
_aAuctioneering _96218 |
||
| 650 | _aBIDDING | ||
| 650 | _aGOOD PRACTICE | ||
| 650 | _aSELF REGULATION | ||
| 690 |
_aAuctioneering _96218 |
||
| 942 | _n0 | ||
| 948 | _c20/01/1999 | ||
| 999 |
_c57596 _d57596 |
||